It looks like you're offline.
Open Library logo
additional options menu

MARC record from Internet Archive

LEADER: 01167ccm 2200349Ma 4500
001 ocn318053396
003 OCoLC
005 20221026113249.0
008 090408s2008 cauuuu n u eng
040 $aAU@$beng$cAU@$dOCLCF$dOCLCO$dOCLCQ$dYDXCP$dOCLCO
019 $a946477304
020 $a9780739053225
020 $a0739053221
028 22 $a30323$bAlfred Publishing
035 $a(OCoLC)318053396$z(OCoLC)946477304
082 04 $a788.32$222
100 1 $aLopez, Victor.
245 10 $aFlex-ability more pops :$bsolo-duet-trio-quartet with optional accompaniment : flute. /$carranged by Victor Lopez.
260 $aVan Nuys, CA :$bAlfred Publishing,$c©2008.
300 $a1 score (23 pages) ;$c31 cm.
336 $anotated music$bntm$2rdacontent
337 $aunmediated$bn$2rdamedia
338 $avolume$bnc$2rdacarrier
490 1 $aFlex-ability series
650 0 $aFlute music.
650 6 $aFlûte, Musique de.
650 7 $aFlute music.$2fast$0(OCoLC)fst00928312
830 0 $aFlex-ability series.
938 $aYBP Library Services$bYANK$n8476974
029 0 $aAU@$b000044023556
994 $aZ0$bGTX
948 $hNO HOLDINGS IN GTX - 6 OTHER HOLDINGS